Normal view
MARC view
Entry Topical Term
001 - CONTROL NUMBER
- control field: 2539
003 - CONTROL NUMBER IDENTIFIER
- control field: OSt
005 - DATE AND TIME OF LATEST TRANSACTION
- control field: 20231009154828.0
008 - FIXED-LENGTH DATA ELEMENTS
- fixed length control field: 231009|| aca||aabn | a|a d
040 ## - CATALOGING SOURCE
- Original cataloging agency: OSt
- Transcribing agency: OSt
150 ## - HEADING--TOPICAL TERM
- Topical term or geographic name entry element: Professional-Patient Relations
670 ## - SOURCE DATA FOUND
- Source citation: Work cat.: (OSt)0: Van Servellen, Gwen Marram. 2537, Communication skills for the health care professional: concepts, practice, and evidence. /, 2009.
